| 000 | | | 04530nmc2a22002653x 450 |
| 001 | | | c0845fc4-1598-4c03-918c-8ab29e9f142f |
| 005 | | | 20241210160102.0 |
| 100 | ## | $a | 20241015l17951795k l0rusy0189 ca |
| 101 | 0# | $a | rus |
| 102 | ## | $a | RU |
| 105 | ## | $a | y### |
| 122 | 2# | $a | d |
| 200 | 1# | $a | Ведомости о состоянии училищ Тобольской губернии за первую 1795 года половину |
| | $j | 25 августа - 24 сентября 1795 г. |
| 215 | ## | $a | 16 л. |
| | $d | 32,5х21 см |
| 251 | ## | $c | Дело |
| 300 | ## | $a | Директор училищ Афанасий Дохтуров; секретарь Иван Ливранов; регистратор Михайла Качурин |
| 300 | ## | $a | Ориг. заголовок дела: Дело в Главное народных училищ правительство из Тобольского приказа общественного призрения. Учиненная директором народных училищ по силе устава, данного народным училищам, за полугодичное этого 1795 года течение учебного времени ведомость при нем в эту Комиссию препровождается 25 августа 1795 года. 25 августа 1795 г. - 24 сентября 1795 г |
| 371 | ## | $a | Документ не является опубликованным и широко распространяемым |
| 461 | #0 | $1 | 00174716ac7-ef0a-4ce9-889f-df06b5c6e13c |
| | $1 | 2001 |
| | $a | Комиссия об учреждении народных училищ |
| | $1 | 251 |
| | $c | Фонд |
| | $1 | 852 |
| | $j | 730 |
| 462 | #0 | $1 | 001e6616291-8022-4671-9001-59f853d67170 |
| | $1 | 2001 |
| | $a | Журналы заседаний и определения Комиссии; ведомости приказов общественного призрения о состоянии и бюджете училищ, учителях, успехах учеников |
| | $1 | 251 |
| | $c | Опись |
| | $1 | 852 |
| | $j | 2 |
| 517 | 1# | $a | Дело в Главное народных училищ правительство из Тобольского приказа общественного призрения. Учиненная директором народных училищ по силе устава, данного народным училищам, за полугодичное этого 1795 года течение учебного времени ведомость при нем в эту Комиссию препровождается 25 августа 1795 года. 25 августа 1795 г. - 24 сентября 1795 г |
| 801 | #0 | $a | RU |
| | $b | РГИА |
| | $c | 20241015 |
| | $g | RCR |
| 801 | #1 | $a | RU |
| | $b | ГлавНИВЦ |
| | $c | 20241015 |
| | $2 | rusmarc |
| 801 | #2 | $a | RU |
| | $b | ПБ им. Б.Н. Ельцина |
| | $c | 20241210 |
| | $g | RCR |
| | $2 | rusmarc |
| 850 | ## | $a | РГИА |
| 852 | ## | $a | РГИА |
| | $e | Федеральное казенное учреждение "Российский государственный исторический архив" (РГИА) |
| | $j | 1946 |
| 937 | ## | $h | РГИА |
| | $d | 12413410 |
| | $a | ASBIBLIO_SCAN |
| 035 | ## | $a | RusGRCC00080583 |
| 856 | ## | $u | http://readingroom.main.prlib.ru/item.aspx?id_node=n195250372&mode=full |